Composition of trade Australia 1986
Saved in:
| Format: | Book |
|---|---|
| Language: | English |
| Published: |
Canberra
Central Statistics Section
1987
|
| Tags: |
No Tags, Be the first to tag this record!
|
MARC
| LEADER | 00000nam a2200000 4500 | ||
|---|---|---|---|
| 001 | c111148 | ||
| 005 | 20041019155148.9 | ||
| 041 | 0 | |a eng | |
| 044 | |a AU | ||
| 245 | 1 | 0 | |a Composition of trade Australia 1986 |
| 264 | 1 | |a Canberra |b Central Statistics Section |c 1987 | |
| 300 | |a 150 s. | ||